000
00253nam a22001097a 4500
082
_a
621.84 HAL'I
100
_a
HALLOWS, R. W,MILWARD, H. K
_9
80004
245
_a
INTRODUCTION TO VALUES
260
_a
LONDON
_b
ILIFFE
_c
1953
300
_a
152P
942
_c
BK
999
_c
584982
_d
584982